00895nam a2200193 i 450000100060000000300090000600500170001500700030003200800410003510000520007624502260012826000570035430000270041150501500043865100330058865100270062165100330064885200200068140816ES-MaACL20251011063059.0t|030307s1821 sp ||||1| spa d1 aCapmany y de Montpalau, Antonio de, d1742-181310aPráctica y estilo de celebrar Cortes en el Reino de Aragón, Principado de Cataluña y Reino de Valencia y una noticia de las de Castilla y Navarra / crecopilado todo y ordenado por Antonio de Capmany y de Montpalau. aMadrid : b[s.n.], c1821 (fImp. de José Collado) aVII, 356 p. ; c21 cm.8 aVa añadido el reglamento para el Consejo representativo de Ginebra, y los reglamentos que se obserban en la Camara de los Comunes de Inglaterra 4aAragón (Reino)-xHistoria. 4aCataluña-xHistoria. 4aValencia (Reino)-xHistoria. aES-MaACLjG-805